[Event "LSS No Engine Cup 224 Preliminary 0"]
[Site "LSS email"]
[Date "2022.01.08"]
[Round "?"]
[White "Tassinati, Mirco"]
[Black "Mostowik, Pawel"]
[Result "0-1"]
[WhiteElo "1127"]
[BlackElo "2174"]
[PlyCount "58"]
[EventDate "2022.01.08"]
[EventType "tourn (corr)"]
[EventRounds "6"]
[EventCountry "GER"]
[SourceTitle "Corr 2024"]
[Source "ChessBase"]
[SourceDate "2023.10.19"]
[SourceVersion "1"]
[SourceVersionDate "2023.10.19"]
[SourceQuality "1"]

1. e4 c5 2. d4 cxd4 3. Qxd4 Nc6 4. Qd1 Nf6 5. Nc3 d6 6. Bg5 e6 7. Nf3 Be7 8. Bb5 0-0 9. 0-0 h6 10. Bxf6 Bxf6 11. a4 a6 12. Bxc6 bxc6 13. a5 Rb8 14. Rb1 Be7 15. Na4 Qxa5 16. b3 Rd8 17. Nd4 Bb7 18. Ra1 Bf6 19. c3 c5 20. b4 cxb4 21. Nb3 Qe5 22. Re1 bxc3 23. Rc1 Rdc8 24. Qd3 Ba8 25. Qc2 Rc4 26. Nxc3 Rxc3 27. Qxc3 Qxc3 28. Rxc3 Bxc3 29. Rb1 Bxe4 0-1

[Event "LSS ZN-2021-0-04358"]
[Site "LSS email"]
[Date "2021.11.28"]
[Round "?"]
[White "Newton, Daryl"]
[Black "Tassinati, Mirco"]
[Result "0-1"]
[WhiteElo "377"]
[BlackElo "416"]
[PlyCount "60"]
[EventDate "2021.11.24"]
[EventType "match (corr)"]
[EventRounds "2"]
[EventCountry "GER"]
[SourceTitle "Corr 2024"]
[Source "ChessBase"]
[SourceDate "2023.10.19"]
[SourceVersion "1"]
[SourceVersionDate "2023.10.19"]
[SourceQuality "1"]

1. d4 d5 2. Nf3 Nc6 3. Bf4 Nf6 4. e3 Bg4 5. Be2 e6 6. Ne5 Bxe2 7. Qxe2 Bd6 8. Nc3 Bb4 9. 0-0 0-0 10. Nb5 a6 11. a3 axb5 12. axb4 Nxb4 13. c3 Rxa1 14. Rxa1 Na6 15. Qf3 Ne4 16. Re1 b4 17. cxb4 Nxb4 18. Ra1 f5 19. Ra3 Nc2 20. Rb3 Nd2 21. Qg3 Nxb3 22. Bh6 Qf6 23. Bg5 Qd8 24. Bxd8 Rxd8 25. Qg5 Re8 26. Qh5 g6 27. Nxg6 Ra8 28. Ne7+ Kg7 29. Qg5+ Kf7 30. Nxd5 Ra1# 0-1

[Event "LSS No Engine Cup 214 Preliminary 0"]
[Site "LSS email"]
[Date "2021.02.17"]
[Round "?"]
[White "Tassinati, Mirco"]
[Black "Cruz Ramirez, Eliecer"]
[Result "0-1"]
[WhiteElo "1132"]
[BlackElo "2043"]
[PlyCount "52"]
[EventDate "2021.02.17"]
[EventType "tourn (corr)"]
[EventRounds "6"]
[EventCountry "GER"]
[SourceTitle "Corr 2024"]
[Source "ChessBase"]
[SourceDate "2023.10.19"]
[SourceVersion "1"]
[SourceVersionDate "2023.10.19"]
[SourceQuality "1"]

1. e4 c5 2. Nc3 Nc6 3. Bb5 e6 4. Nf3 Nd4 5. Nxd4 cxd4 6. Ne2 Qg5 7. 0-0 Qxb5 8. Nxd4 Qe5 9. c3 Qxe4 10. Re1 Qd5 11. Qe2 a6 12. a4 Nf6 13. a5 Be7 14. b4 d6 15. Qd3 Qh5 16. h3 Bd7 17. Qg3 Rc8 18. Nf3 0-0 19. d4 Rxc3 20. Bb2 Rb3 21. Bc1 Bc6 22. Bg5 Bxf3 23. gxf3 Rxf3 24. Qh4 Qg6 25. Kh2 h6 26. Bxf6 Bxf6 0-1

[Event "RN-2020-0-01591"]
[Site "LSS email"]
[Date "2020.01.05"]
[Round "?"]
[White "Hickl, Norbert"]
[Black "Tassinati, Mirco"]
[Result "1-0"]
[WhiteElo "857"]
[BlackElo "361"]
[PlyCount "41"]
[EventDate "2019.12.25"]
[EventType "tourn (corr)"]
[EventRounds "6"]
[EventCountry "GER"]
[SourceTitle "Corr 2022"]
[Source "ChessBase"]
[SourceDate "2021.10.24"]
[SourceVersion "1"]
[SourceVersionDate "2021.10.24"]
[SourceQuality "1"]

1. c4 e5 2. g3 Nc6 3. Bg2 Bb4 4. a3 Be7 5. b4 Nf6 6. Nc3 0-0 7. e3 d5 8. cxd5 Nxd5 9. Nxd5 Be6 10. Nxe7+ Qxe7 11. Bb2 Rad8 12. Ne2 f5 13. Bxc6 bxc6 14. Bxe5 Bc4 15. d4 Bxe2 16. Qxe2 a6 17. Qc4+ Kh8 18. Qxc6 Rf7 19. 0-0 Rc8 20. Qxa6 Rff8 21. Rac1 1-0

[Event "RN-2019-0-01577"]
[Site "LSS email"]
[Date "2019.11.13"]
[Round "?"]
[White "Tassinati, Mirco"]
[Black "Hickl, Norbert"]
[Result "0-1"]
[WhiteElo "376"]
[BlackElo "918"]
[PlyCount "74"]
[EventDate "2019.10.27"]
[EventType "tourn (corr)"]
[EventRounds "6"]
[EventCountry "GER"]
[SourceTitle "Corr 2022"]
[Source "ChessBase"]
[SourceDate "2021.10.24"]
[SourceVersion "1"]
[SourceVersionDate "2021.10.24"]
[SourceQuality "1"]

1. e4 e6 2. f4 Nf6 3. Nc3 c5 4. Nf3 d5 5. exd5 exd5 6. Bb5+ Bd7 7. 0-0 Bd6 8. Bxd7+ Nbxd7 9. Re1+ Be7 10. d3 0-0 11. Ne5 Nxe5 12. fxe5 Nd7 13. Nxd5 Nb6 14. Nxe7+ Qxe7 15. a3 Rfe8 16. Qf3 Rad8 17. Qg3 Rd5 18. Bh6 g6 19. Bg5 Qe6 20. c4 Rxe5 21. Rxe5 Qxe5 22. Bf4 Qxb2 23. Rf1 Qxa3 24. Bc7 Qb2 25. Bxb6 Qxb6 26. Qf3 Qc7 27. h4 h5 28. Qf6 Qd8 29. Qxd8 Rxd8 30. Rd1 Rd7 31. Kf2 Kg7 32. Kf3 Kf6 33. Kf4 Rd4+ 34. Ke3 Rxh4 35. Rf1+ Ke7 36. g3 Rh3 37. Re1 Kd6 0-1

[Event "SN-2019-0-00999"]
[Site "LSS email"]
[Date "2019.11.13"]
[Round "?"]
[White "Tassinati, Mirco"]
[Black "Lauer, Frederic"]
[Result "0-1"]
[WhiteElo "376"]
[BlackElo "1130"]
[PlyCount "48"]
[EventDate "2019.10.29"]
[EventType "tourn (corr)"]
[EventRounds "6"]
[EventCountry "GER"]
[SourceTitle "Corr 2022"]
[Source "ChessBase"]
[SourceDate "2021.10.24"]
[SourceVersion "1"]
[SourceVersionDate "2021.10.24"]
[SourceQuality "1"]

1. e4 e6 2. d4 d5 3. Nc3 Nf6 4. exd5 exd5 5. Bg5 Bb4 6. Bb5+ c6 7. Bxf6 Qxf6 8. Bd3 Qxd4 9. Nf3 Bxc3+ 10. bxc3 Qxc3+ 11. Nd2 0-0 12. 0-0 Be6 13. Nf3 Nd7 14. Qd2 Qxd2 15. Nxd2 Nc5 16. Rab1 Nxd3 17. cxd3 b5 18. Rfe1 a5 19. Nf3 Rfe8 20. Ng5 h6 21. Nxe6 Rxe6 22. Rxe6 fxe6 23. Rc1 Ra6 24. Ra1 b4 0-1

[Event "RN-2019-0-01563"]
[Site "LSS email"]
[Date "2019.09.18"]
[Round "?"]
[White "Tassinati, Mirco"]
[Black "Kuttner, Jaromir"]
[Result "0-1"]
[WhiteElo "381"]
[BlackElo "995"]
[PlyCount "64"]
[EventDate "2019.09.07"]
[EventType "tourn (corr)"]
[EventRounds "6"]
[EventCountry "GER"]
[SourceTitle "Corr 2022"]
[Source "ChessBase"]
[SourceDate "2021.10.24"]
[SourceVersion "1"]
[SourceVersionDate "2021.10.24"]
[SourceQuality "1"]

1. e4 c5 2. Nf3 Nc6 3. Bc4 e6 4. 0-0 g6 5. Nc3 Bg7 6. d3 Nge7 7. Bg5 0-0 8. Bxe7 Qxe7 9. Bb5 a6 10. Bxc6 bxc6 11. e5 Rb8 12. b3 Bb7 13. a4 d5 14. exd6 Qxd6 15. Ne4 Qe7 16. d4 cxd4 17. Nxd4 Rbd8 18. Qg4 Rxd4 19. Qe2 Rfd8 20. c3 f5 21. cxd4 fxe4 22. Qxe4 c5 23. Qg4 cxd4 24. Rad1 e5 25. f3 Bc8 26. Qe4 Bb7 27. Qd3 e4 28. fxe4 Qc5 29. Rc1 Qe5 30. b4 Qxe4 31. Qxe4 Bxe4 32. Rf4 Bh6 0-1

[Event "RN-2019-0-01563"]
[Site "LSS email"]
[Date "2019.09.18"]
[Round "?"]
[White "Tassinati, Mirco"]
[Black "Venturas, Bob"]
[Result "0-1"]
[WhiteElo "381"]
[BlackElo "519"]
[PlyCount "50"]
[EventDate "2019.09.07"]
[EventType "tourn (corr)"]
[EventRounds "6"]
[EventCountry "GER"]
[SourceTitle "Corr 2022"]
[Source "ChessBase"]
[SourceDate "2021.10.24"]
[SourceVersion "1"]
[SourceVersionDate "2021.10.24"]
[SourceQuality "1"]

1. d4 d5 2. Nf3 Nc6 3. Nc3 h6 4. e4 dxe4 5. Nxe4 Bf5 6. Bd3 Bg4 7. 0-0 Nxd4 8. Be3 Nxf3+ 9. gxf3 Bh3 10. Re1 e5 11. Bf1 Qh4 12. Bxh3 Qxh3 13. Qd5 Bd6 14. Ng3 Nf6 15. Qxb7 0-0 16. Bxa7 Rfe8 17. f4 exf4 18. Rxe8+ Rxe8 19. Nf1 Ng4 20. Qg2 Qh5 21. f3 Ne5 22. Bd4 Nxf3+ 23. Kh1 Nxd4 24. c3 f3 25. Qf2 Re2 0-1

[Event "RN-2019-0-01555"]
[Site "LSS email"]
[Date "2019.08.24"]
[Round "?"]
[White "Neuhausen, Rainer"]
[Black "Tassinati, Mirco"]
[Result "1-0"]
[WhiteElo "1010"]
[BlackElo "393"]
[PlyCount "47"]
[EventDate "2019.08.02"]
[EventType "tourn (corr)"]
[EventRounds "6"]
[EventCountry "GER"]
[SourceTitle "Corr 2022"]
[Source "ChessBase"]
[SourceDate "2021.10.24"]
[SourceVersion "1"]
[SourceVersionDate "2021.10.24"]
[SourceQuality "1"]

1. e4 e5 2. Nf3 Nf6 3. Nxe5 d6 4. Nf3 Nxe4 5. Bc4 Be7 6. 0-0 0-0 7. d3 Nc5 8. Nc3 Bg4 9. Bf4 Nc6 10. h3 Bxf3 11. Qxf3 Nd4 12. Qd1 a6 13. Be3 Nf5 14. Bxc5 dxc5 15. Nd5 c6 16. Nxe7+ Qxe7 17. Re1 Qf6 18. c3 b5 19. Bb3 a5 20. Qf3 a4 21. Bc2 b4 22. d4 bxc3 23. Qxf5 Qxd4 24. Qxh7# 1-0

[Event "RN-2019-0-01555"]
[Site "LSS email"]
[Date "2019.08.24"]
[Round "?"]
[White "Tassinati, Mirco"]
[Black "Vontina, Maria"]
[Result "0-1"]
[WhiteElo "393"]
[BlackElo "751"]
[PlyCount "84"]
[EventDate "2019.08.02"]
[EventType "tourn (corr)"]
[EventRounds "6"]
[EventCountry "GER"]
[SourceTitle "Corr 2022"]
[Source "ChessBase"]
[SourceDate "2021.10.24"]
[SourceVersion "1"]
[SourceVersionDate "2021.10.24"]
[SourceQuality "1"]

1. e4 e6 2. d4 d5 3. e5 c5 4. Nf3 Nc6 5. dxc5 Bxc5 6. Nc3 a6 7. Bg5 Nge7 8. Bd3 h6 9. Bxe7 Qxe7 10. 0-0 0-0 11. a3 Bd7 12. b4 Ba7 13. b5 axb5 14. Nxb5 Bb8 15. a4 Na5 16. Qb1 b6 17. c3 Rc8 18. Ra3 Nc4 19. Bxc4 Rxc4 20. Nd2 Rcxa4 21. Rxa4 Rxa4 22. Qb3 Ra8 23. Nf3 Qc5 24. Nbd4 Ra3 25. Qb2 Rxc3 26. Nb3 Qc8 27. h4 Qc4 28. Nbd2 Qc8 29. Qxb6 Qc7 30. Qxc7 Bxc7 31. Ra1 Kf8 32. Nd4 Bxe5 33. N2f3 Bf6 34. Ra8+ Rc8 35. Rxc8+ Bxc8 36. Nb5 Ba6 37. Nc7 Bc4 38. Nd2 Ba2 39. g3 Bc3 40. Nf3 Ke7 41. Kf1 Ba5 42. Na6 Bc4+ 0-1

[Event "RN-2019-0-01555"]
[Site "LSS email"]
[Date "2019.08.22"]
[Round "?"]
[White "Bester, Kazimierz"]
[Black "Tassinati, Mirco"]
[Result "1-0"]
[WhiteElo "677"]
[BlackElo "393"]
[PlyCount "31"]
[EventDate "2019.08.02"]
[EventType "tourn (corr)"]
[EventRounds "6"]
[EventCountry "GER"]
[SourceTitle "Corr 2022"]
[Source "ChessBase"]
[SourceDate "2021.10.24"]
[SourceVersion "1"]
[SourceVersionDate "2021.10.24"]
[SourceQuality "1"]

1. f4 Nc6 2. Nf3 Nf6 3. e3 d5 4. Be2 Bg4 5. 0-0 e6 6. Ne5 Bxe2 7. Qxe2 Bc5 8. d4 Bb6 9. c3 Ne4 10. Na3 Nxe5 11. fxe5 0-0 12. Nc2 Qh4 13. Rf4 Qg5 14. Rg4 Qh5 15. Rxg7+ Kxg7 16. Qxh5 1-0

[Event "RN-2019-0-01551"]
[Site "LSS email"]
[Date "2019.08.03"]
[Round "?"]
[White "Cherry, Brian"]
[Black "Tassinati, Mirco"]
[Result "1-0"]
[WhiteElo "316"]
[BlackElo "392"]
[PlyCount "54"]
[EventDate "2019.07.13"]
[EventType "tourn (corr)"]
[EventRounds "6"]
[EventCountry "GER"]
[SourceTitle "Corr 2022"]
[Source "ChessBase"]
[SourceDate "2021.10.24"]
[SourceVersion "1"]
[SourceVersionDate "2021.10.24"]
[SourceQuality "1"]

1. e4 e5 2. Nf3 Nf6 3. Bc4 Nc6 4. Ng5 d5 5. Bb3 Nd4 6. Ba4+ Bd7 7. c3 Bxa4 8. Qxa4+ Nc6 9. d4 Bd6 10. 0-0 0-0 11. Qc2 Nxe4 12. Nxe4 exd4 13. Nxd6 Qxd6 14. Bd2 Rfe8 15. cxd4 Nxd4 16. Qd3 Ne2+ 17. Kh1 Nf4 18. Qg3 Nh5 19. Qxd6 cxd6 20. Nc3 d4 21. Nd5 Rac8 22. Rac1 Rxc1 23. Bxc1 Re5 24. Nb4 a5 25. Nd3 Rd5 26. b3 b5 27. Re1 a4 1-0

[Event "RN-2019-0-01545"]
[Site "LSS email"]
[Date "2019.07.06"]
[Round "?"]
[White "Tassinati, Mirco"]
[Black "Plastinin, Alexandr"]
[Result "1-0"]
[WhiteElo "370"]
[BlackElo "1045"]
[PlyCount "69"]
[EventDate "2019.06.20"]
[EventType "tourn (corr)"]
[EventRounds "6"]
[EventCountry "GER"]
[SourceTitle "Corr 2022"]
[Source "ChessBase"]
[SourceDate "2021.10.24"]
[SourceVersion "1"]
[SourceVersionDate "2021.10.24"]
[SourceQuality "1"]

1. e4 e5 2. Nf3 Nc6 3. Bb5 d6 4. 0-0 Nf6 5. Re1 Be7 6. Bxc6+ bxc6 7. Nc3 0-0 8. d4 Bg4 9. dxe5 Bxf3 10. Qxf3 dxe5 11. Bg5 h6 12. Bh4 Nh7 13. Bxe7 Qxe7 14. Re3 f5 15. exf5 Qf6 16. Ne4 Qe7 17. Rd1 Rad8 18. Rxd8 Rxd8 19. g3 Rf8 20. g4 Nf6 21. Nxf6+ Qxf6 22. Rc3 Rd8 23. Rxc6 Qf7 24. Qb3 Rd1+ 25. Kg2 Qxb3 26. axb3 Rd7 27. f6 gxf6 28. Rxf6 Rd6 29. Rxd6 cxd6 30. c4 a5 31. Kg3 Kf7 32. f4 Kf6 33. h4 h5 34. fxe5+ dxe5 35. c5 1-0

[Event "RN-2019-0-01536"]
[Site "LSS email"]
[Date "2019.05.27"]
[Round "?"]
[White "Cherry, Brian"]
[Black "Tassinati, Mirco"]
[Result "0-1"]
[WhiteElo "328"]
[BlackElo "360"]
[PlyCount "72"]
[EventDate "2019.05.07"]
[EventType "tourn (corr)"]
[EventRounds "6"]
[EventCountry "GER"]
[SourceTitle "Corr 2022"]
[Source "ChessBase"]
[SourceDate "2021.10.24"]
[SourceVersion "1"]
[SourceVersionDate "2021.10.24"]
[SourceQuality "1"]

1. e4 e5 2. Nf3 Nf6 3. Nc3 Nc6 4. d4 exd4 5. Nxd4 Nxd4 6. Qxd4 c5 7. Qd3 Be7 8. f3 0-0 9. Be3 b6 10. Be2 a6 11. 0-0-0 b5 12. Bf4 Qb6 13. Be3 b4 14. Na4 Qa5 15. b3 d6 16. Kb1 Bd7 17. Nb2 Qb6 18. Nc4 Qc6 19. c3 bxc3 20. Qxc3 Rab8 21. g4 h5 22. gxh5 Nxh5 23. Rd2 Bf6 24. Qd3 Be7 25. f4 g6 26. e5 d5 27. Qxd5 Bf5+ 28. Kb2 Qxd5 29. Rxd5 Be4 30. Rd7 Bxh1 31. Rxe7 Bc6 32. Nd6 Ng7 33. Bxc5 Nf5 34. Bc4 Nxe7 35. e6 fxe6 36. Bxe6+ Kh7 0-1

[Event "RN-2019-0-01536"]
[Site "LSS email"]
[Date "2019.05.26"]
[Round "?"]
[White "Tassinati, Mirco"]
[Black "Plastinin, Alexandr"]
[Result "0-1"]
[WhiteElo "360"]
[BlackElo "978"]
[PlyCount "50"]
[EventDate "2019.05.07"]
[EventType "tourn (corr)"]
[EventRounds "6"]
[EventCountry "GER"]
[SourceTitle "Corr 2022"]
[Source "ChessBase"]
[SourceDate "2021.10.24"]
[SourceVersion "1"]
[SourceVersionDate "2021.10.24"]
[SourceQuality "1"]

1. e4 e5 2. Nf3 Nc6 3. Nc3 d6 4. Bb5 Bd7 5. d3 a6 6. Bxc6 Bxc6 7. 0-0 Nf6 8. Bg5 Be7 9. Bxf6 Bxf6 10. Nd5 0-0 11. Qe2 Bxd5 12. exd5 Re8 13. Qd2 c6 14. dxc6 bxc6 15. a4 Rb8 16. Ra2 h6 17. b3 e4 18. dxe4 Rxe4 19. Re1 d5 20. Rxe4 dxe4 21. Qxd8+ Rxd8 22. h4 exf3 23. gxf3 Bxh4 24. c4 Rd3 25. Rb2 Rxf3 0-1

[Event "ZN-2018-0-03865"]
[Site "LSS email"]
[Date "2018.10.12"]
[Round "?"]
[White "Venturas, Bob"]
[Black "Tassinati, Mirco"]
[Result "1-0"]
[WhiteElo "643"]
[BlackElo "408"]
[PlyCount "57"]
[EventDate "2018.09.25"]
[EventType "match (corr)"]
[EventRounds "2"]
[EventCountry "GER"]
[SourceTitle "Corr 2022"]
[Source "ChessBase"]
[SourceDate "2021.10.24"]
[SourceVersion "1"]
[SourceVersionDate "2021.10.24"]
[SourceQuality "1"]

1. e4 e5 2. Nf3 Nf6 3. Nc3 Bb4 4. Qe2 0-0 5. Qb5 Bxc3 6. bxc3 Nxe4 7. Qc4 d5 8. Qb3 Nc5 9. Qb5 Nbd7 10. Be2 c6 11. Qb2 Na4 12. Qb3 b5 13. Ba3 e4 14. Bxf8 Nxf8 15. Nd4 Nc5 16. Qa3 Nce6 17. Nxc6 Qc7 18. Bxb5 Ba6 19. Qxa6 Nc5 20. Qa3 Qd6 21. 0-0 a6 22. Ba4 Nb7 23. Ne7+ Kh8 24. Qxd6 Nxd6 25. Nxd5 Ne6 26. Rab1 Nc4 27. d4 Nd2 28. Rb7 Nxf1 29. Kxf1 1-0

[Event "RN-2018-0-01471"]
[Site "LSS email"]
[Date "2018.10.02"]
[Round "?"]
[White "Tassinati, Mirco"]
[Black "Venturas, Bob"]
[Result "0-1"]
[WhiteElo "408"]
[BlackElo "602"]
[PlyCount "49"]
[EventDate "2018.09.13"]
[EventType "tourn (corr)"]
[EventRounds "6"]
[EventCountry "GER"]
[SourceTitle "Corr 2022"]
[Source "ChessBase"]
[SourceDate "2021.10.24"]
[SourceVersion "1"]
[SourceVersionDate "2021.10.24"]
[SourceQuality "1"]

1. e4 e5 2. Nf3 Nc6 3. Bb5 d6 4. 0-0 h6 5. Nc3 Bg4 6. d3 Nf6 7. Be3 Be7 8. h3 Bd7 9. Nd5 a6 10. Bxc6 bxc6 11. Nxe7 Qxe7 12. Re1 Be6 13. a4 0-0 14. c4 Rfd8 15. b4 Rab8 16. Rb1 d5 17. cxd5 cxd5 18. exd5 Rxd5 19. b5 axb5 20. axb5 Rdxb5 21. Rxb5 Rxb5 22. Qa4 Qd7 23. Qa8+ Kh7 24. g4 Bd5 25. Nd2 0-1

[Event "RN-2018-0-01471"]
[Site "LSS email"]
[Date "2018.10.02"]
[Round "?"]
[White "Tassinati, Mirco"]
[Black "Vontina, Maria"]
[Result "0-1"]
[WhiteElo "408"]
[BlackElo "826"]
[PlyCount "46"]
[EventDate "2018.09.13"]
[EventType "tourn (corr)"]
[EventRounds "6"]
[EventCountry "GER"]
[SourceTitle "Corr 2022"]
[Source "ChessBase"]
[SourceDate "2021.10.24"]
[SourceVersion "1"]
[SourceVersionDate "2021.10.24"]
[SourceQuality "1"]

1. e4 e6 2. d4 d5 3. exd5 exd5 4. Nc3 Bb4 5. a3 Be7 6. Nf3 Nf6 7. Bd3 0-0 8. Bg5 c6 9. 0-0 Bg4 10. Re1 Re8 11. h3 Bh5 12. Na4 Bg6 13. Bxg6 hxg6 14. Nc5 b6 15. Nd3 Nbd7 16. b4 Nf8 17. a4 Ne6 18. Bh4 Qc7 19. Bg3 Qc8 20. Nde5 Ne4 21. Qd3 Nxg3 22. Kh2 Ne4 23. Qe3 Bxb4 0-1